000
00325nam a22001457a 4500
020
_a
978-0140-374605
082
_a
823
_b
COO/P
100
_a
COOLING,WENDY
245
_a
STORIES FOR SEVEN YEAR OLDS
260
_a
LONDON
_b
PENGUIN BOOKS
_c
1996
300
_a
164
520
_a
SHORT STORY
650
_a
SHORT STORY
942
_c
BK
999
_c
5814
_d
5814